| 000 | 01269nam a2200301 a 4500 | ||
|---|---|---|---|
| 003 | BLK | ||
| 005 | 20241216113036.0 | ||
| 008 | 180409b bul|||||r ||||||| ||bul|| | ||
| 020 | _a9789543987375 | ||
| 040 | _aBLK | ||
| 041 |
_aBUL _cBUL |
||
| 080 |
_aМеждународни политически отношения. Световна политика. Международна политика. Дипломация _b327 _x(497) _z327(497) |
||
| 100 |
_91299 _aДеластик, Йоргос |
||
| 245 | 1 | 0 |
_aКраят на Балканите _cЙоргос Деластик ; прев. Николай Костов. |
| 257 | _aBGR | ||
| 260 |
_aСофия _bТруд _c2022 _9209481 _n978-954-398- ; 978-954-528- |
||
| 300 |
_a255 с. _c21 см |
||
| 380 | _a3 | ||
| 650 | 4 |
_aБалкански полуостров - политика _9277179 |
|
| 653 | 7 |
_aбалкански държави _9181627 |
|
| 700 |
_91058 _aКостов, Николай Илиев _eпрев. от гр. |
||
| 852 |
_aЦб 318551 _bЦб |
||
| 856 | 4 |
_qpdf _i0.00 _ldisable |
|
| 856 | 4 |
_qpdf _i0.00 _ldisable |
|
| 942 |
_cKNG _n0 _s1 _03 |
||
| 944 |
_c2023-07-11 _k30576 _lЦветомила Тодорова |
||
| 999 |
_c488597 _d488597 |
||